श्रीभाष्य पर सुदर्शनभट्ट प्रणीत श्रुतप्रकाशिका का अध्ययन (ब्रह्मसूत्र चतुःसूत्री के सन्दर्भ में)। (Record no. 887964)
[ view plain ]
| 000 -LEADER | |
|---|---|
| fixed length control field | 01212nam a2200253Ia 4500 |
| 003 - CONTROL NUMBER IDENTIFIER | |
| control field | OSt |
| 005 - DATE AND TIME OF LATEST TRANSACTION | |
| control field | 20220930094924.0 |
| 008 - FIXED-LENGTH DATA ELEMENTS--GENERAL INFORMATION | |
| fixed length control field | 220926b |||||||| |||| 00| 0 hin d |
| 037 ## - SOURCE OF ACQUISITION | |
| Terms of availability | Theses |
| 040 ## - CATALOGING SOURCE | |
| Original cataloging agency | CRL |
| Transcribing agency | CRL |
| Language of cataloging | hin |
| 041 ## - LANGUAGE CODE | |
| Source of code | hin |
| Language code of text/sound track or separate title | hin |
| 100 ## - MAIN ENTRY--PERSONAL NAME | |
| Personal name | दुबे, सरिता, ले. |
| 110 ## - MAIN ENTRY--CORPORATE NAME | |
| Corporate name or jurisdiction name as entry element | दिल्ली विश्वविद्यायल. कला संकाय. संस्कृत |
| 9 (RLIN) | 556766 |
| 245 #0 - TITLE STATEMENT | |
| Title | श्रीभाष्य पर सुदर्शनभट्ट प्रणीत श्रुतप्रकाशिका का अध्ययन (ब्रह्मसूत्र चतुःसूत्री के सन्दर्भ में)। |
| 246 ## - VARYING FORM OF TITLE | |
| Title proper/short title | Shrībhāṣhya par sudarshanabhaṭṭa praṇīt shrutaprakāshikā kā adhyayan (brahmasūtra chatuahsūtrī ke sandarbha mean)। |
| 260 ## - PUBLICATION, DISTRIBUTION, ETC. | |
| Date of publication, distribution, etc. | 2015 |
| 300 ## - PHYSICAL DESCRIPTION | |
| Extent | 221पृ. |
| -- | p. |
| Dimensions | cm. |
| 700 ## - ADDED ENTRY--PERSONAL NAME | |
| Personal name | दिल्ली विश्वविद्यायल. कला संकाय. संस्कृत |
| 9 (RLIN) | 556767 |
| 942 ## - ADDED ENTRY ELEMENTS (KOHA) | |
| Koha item type | Dissertations |
| Source of classification or shelving scheme | Colon Classification (CC) |
| Withdrawn status | Lost status | Damaged status | Not for loan | Home library | Current library | Date acquired | Total Checkouts | Barcode | Date last seen | Price effective from | Koha item type |
|---|---|---|---|---|---|---|---|---|---|---|---|
| Central Library | Central Library | 2022-09-30 | TH0022811 | 2022-09-30 | 2022-09-30 | Thesis |
